000 01039nam a2200361 a 4500
001 vtls000046888
003 NLI
005 20210601185433.0
008 101125s1972 ii 001 p eng
020 _cRs. 5.00
039 9 _y201011250431
_zVLOAD
040 0 _aNLI
_beng
_cVERGIS-2003
041 0 _aeng
044 _aii
082 0 4 _a821.91
100 0 _aSatyananda
_cSwami
_9124875
245 1 0 _aSong of the soul/
_cSwami Satyananda
260 _aCalcutta:
_bSree Sree Ramkrishna Sevayatan,
_c1972
300 _a52 p.;
_c21 cm.
500 _aIncludes index
650 0 _aEnglish poetry
_y20th century
_9117738
650 0 _aIndic poetry (English)
_y20th century
887 _aP. Nirmaladevi
901 _aDB 26701
_b15/03/1975
902 _aE 821.91 Sa 84
903 _a31/05/2004
904 _aP. Nirmaladevi
906 _a049518
949 _AVIRTUAITEM
_D10000
_F1
_X100
_6DBA000026701ENG
_aE 821.91 Sa84
942 _2ddc
_cBKS
999 _aVIRTUA
_c51141
_d51141
999 _aVTLSSORT0200*9010*9020*9030*9040*9060*9490*9991